[Event "Grand Prix Moscow 2019"]
[Site "Moscow"]
[Date "2019.05.17"]
[Round "1.1"]
[White "Giri, Anish"]
[Black "Dubov, Daniil"]
[Result "1/2-1/2"]
[WhiteElo "2787"]
[BlackElo "2690"]
[Annotator "TA"]
[PlyCount "72"]
[EventDate "2019.05.17"]
[EventType "k.o."]
[EventCountry "RUS"]
[SourceTitle "playchess.com"]
[Source "ChessBase"]
[SourceQuality "1"]

{[%evp 9,72,44,49,48,60,48,57,47,55,35,66,31,21,15,38,0,0,0,0,0,0,0,0,0,0,-17,-8,-25,-18,-41,0,-83,-64,-147,-72,-94,-90,-157,-92,-95,-58,-61,-61,-62,-61,-64,-56,-111,-104,-155,-53,-60,-53,-62,-53,-62,0,0,0,0,0,0,0,0,0]} 1. Nf3 Nf6 2. c4 g6 3. Nc3 Bg7 4. e4 e5 5. Nxe5 O-O 6. Nf3 {A16: English Opening: 1...Nf6 with ...d5} Re8 $1 7. d3 d5 $1 {[%cal Rd5e4]} 8. cxd5 {White is slightly better.} Nxd5 9. Bd2 $146 ({Predecessor:} 9. Nxd5 Qxd5 10. Be2 Qd6 11. O-O c5 12. Qc2 Nc6 {1-0 (49) Aronian,L (2784)-Grischuk,A (2752) chess.com INT 2016}) 9... Bg4 10. Qb3 Nxc3 11. bxc3 Na6 12. Be2 ({Don't play} 12. Qxb7 Nc5 $15) 12... Nc5 13. Qc2 Bxf3 14. gxf3 Qh4 15. d4 Ne6 16. Qc1 c6 17. a4 Qh3 18. Rb1 b6 19. Be3 Rac8 {[%mdl 1024] Black has compensation.} 20. Qd2 (20. Rg1 $11) 20... f5 $1 $17 21. Qd3 {[#]} (21. Rf1 $15) 21... Kh8 (21... c5 $142 $1 22. e5 f4) 22. e5 c5 23. d5 ({Better is} 23. f4) 23... f4 ({Black should try} 23... c4 24. Qc2 f4 25. dxe6 fxe3) 24. dxe6 Rcd8 25. Qe4 $1 ({Don't go for} 25. Bd4 $2 cxd4 26. cxd4 Bxe5 $19) 25... fxe3 26. fxe3 Rxe6 {White must now prevent ...Qg2.} 27. Rd1 Rde8 28. Bf1 ({White should play} 28. Qg4 $15 Qxg4 29. fxg4) 28... Qh6 29. Qf4 {[#]} g5 ({But not} 29... Rxe5 $6 30. Qxh6 Bxh6 31. e4 $11) (29... Qh5 $1 $17 30. Bb5 Rf8) 30. Qg4 $1 $15 Bxe5 {...Bf4 is the strong threat.} 31. Bb5 Rf8 32. Rd7 Bf4 (32... Bxc3+ $15 33. Kf2 Rd6 34. Rxd6 Qxd6) 33. Bd3 $11 {The position is equal.} Rxe3+ 34. Kf2 Rfe8 {aiming for ...Re1!} 35. h4 R3e7 $1 36. Rxe7 Rxe7 {Accuracy: White = 56%, Black = 65%.} 1/2-1/2

[Event "Grand Prix Moscow 2019"]
[Site "Moscow"]
[Date "2019.05.18"]
[Round "1.2"]
[White "Mamedyarov, Shakhriyar"]
[Black "Wojtaszek, Radoslaw"]
[Result "1/2-1/2"]
[WhiteElo "2781"]
[BlackElo "2724"]
[Annotator "TA"]
[PlyCount "91"]
[EventDate "2019.05.17"]
[EventType "k.o."]
[EventCountry "RUS"]
[SourceTitle "playchess.com"]
[Source "ChessBase"]
[SourceQuality "1"]

{[%evp 11,91,12,14,0,0,0,21,39,58,10,26,16,20,11,27,18,12,12,14,8,16,22,15,10,21,20,20,22,35,32,40,20,20,15,15,14,52,52,60,60,60,60,60,8,60,62,62,62,62,62,69,58,60,57,57,50,46,0,49,20,34,21,33,33,33,33,33,33,33,33,33,33,33,33,33,0,20,20,21,8,27,29]} 1. c4 Nf6 2. Nc3 e5 3. Nf3 Nc6 4. e3 Bb4 5. Qc2 Bxc3 6. Qxc3 Qe7 7. d4 {A28: English Opening: Four Knights Variation} exd4 8. Nxd4 Nxd4 9. Qxd4 {The position is equal.} c5 10. Qh4 d5 11. f3 $146 ({Predecessor:} 11. Bd2 dxc4 12. Bxc4 Ne4 {½-½ (12) Stocek,J (2567)-Motylev,A (2642) Dresden 2007}) 11... O-O 12. cxd5 Nxd5 13. Qxe7 Nxe7 14. Bc4 Nc6 15. b3 Re8 16. Kf2 Be6 17. Bb5 Red8 18. Bxc6 bxc6 19. e4 c4 20. bxc4 Rab8 21. Be3 Rb2+ 22. Kg3 h5 23. h4 Bxc4 24. Rhc1 Rxa2 25. Rxa2 Bxa2 26. Rxc6 $14 {[%mdl 4096] Endgame KRB-KRB} Ra8 27. Rc5 (27. Ra6 $1 $14 Be6 28. Kf4 (28. Rxa7 Rxa7 29. Bxa7 f6 $14)) 27... g6 (27... a5 $11) 28. Ra5 Be6 29. Bxa7 f6 30. Kf4 Kf7 31. Ra6 Bd7 32. Ke3 Be6 33. Kd4 Rd8+ 34. Ke3 Ra8 35. f4 Bd7 36. Ra5 Be6 37. Kd4 Rd8+ 38. Kc3 Ra8 39. g3 Bd7 40. Kd4 Be6 41. Ke3 Bd7 42. Ra6 Bb5 43. Ra5 Bc6 44. e5 Bb7 45. Kd4 Ke6 46. exf6 {Accuracy: White = 53%, Black = 64%.} 1/2-1/2

[Event "Grand Prix Moscow 2019"]
[Site "Moscow"]
[Date "2019.05.18"]
[Round "1.2"]
[White "Grischuk, Alexander"]
[Black "Karjakin, Sergey"]
[Result "1-0"]
[WhiteElo "2772"]
[BlackElo "2752"]
[Annotator "TA"]
[PlyCount "103"]
[EventDate "2019.05.17"]
[EventType "k.o."]
[EventCountry "RUS"]
[SourceTitle "playchess.com"]
[Source "ChessBase"]
[SourceQuality "1"]

{[%evp 12,103,23,10,34,30,16,6,22,22,11,11,15,10,10,8,11,12,16,8,12,0,15,5,10,12,26,28,41,12,25,0,6,0,20,0,23,22,21,18,35,35,58,56,64,81,93,81,110,109,83,45,109,110,130,92,116,101,173,175,233,242,232,241,225,225,327,322,369,340,537,519,528,182,183,0,490,516,488,312,418,407,414,416,430,405,330,289,1540,1527,1071,1015,29990,29991]} 1. d4 Nf6 2. c4 e6 3. Nf3 d5 4. Nc3 Bb4 5. cxd5 exd5 6. Bg5 h6 7. Bh4 O-O {D38: Queen's Gambit Declined: Ragozin Defence (4 Nf3 Bb4)} 8. e3 Bf5 9. Be2 Nbd7 {The position is equal.} 10. Qb3 Bxc3+ 11. Qxc3 c6 12. Nd2 Ne4 13. Bxd8 Nxc3 14. bxc3 {aiming for Bh4.} Rfxd8 {[#]} 15. a4 $146 ({Predecessor:} 15. f3) 15... c5 16. Nf1 Rac8 17. Ng3 Bh7 18. Kd2 Rc7 19. a5 Kf8 20. h4 Nf6 21. Bf3 Ke7 22. h5 Kd6 23. Ra3 cxd4 24. exd4 Re8 25. Nf1 Be4 26. Ne3 Bxf3 27. Nf5+ Kc6 28. gxf3 Rg8 29. Raa1 Kd7 30. Rag1 Rgc8 31. Rc1 Rg8 (31... Ne8 $14) 32. Rce1 $16 b6 33. a6 b5 34. Re5 Rb8 {[#]} (34... Rgc8 $16) 35. Rg1 $1 $18 Nxh5 (35... b4 $142) 36. Rxd5+ Ke6 37. Re5+ Kd7 38. Nxg7 Nxg7 (38... Nf6 $142 39. Nf5 b4) 39. Rxg7 {[%mdl 4096] Endgame KRR-KRR} Kd6 {[#]} 40. Rh7 $1 b4 (40... f6 $142 41. Rxh6 Rf7) 41. Rxh6+ Kd7 42. Rd5+ $2 (42. cxb4 {Threatens to win with b5.} Rxb4 43. Rf5) 42... Ke7 43. Re5+ $2 (43. cxb4 Rxb4 44. Ke3) 43... Kd7 44. cxb4 Rxb4 45. Ke3 Rc3+ 46. Ke4 Rcc4 47. Rd5+ Ke7 48. f4 Rc2 49. f3 Ra4 $2 (49... Re2+ 50. Kd3 Ra2) 50. f5 Re2+ 51. Kf4 Rea2 52. Rhd6 {Accuracy: White = 62%, Black = 42%.} 1-0

[Event "Grand Prix Moscow 2019"]
[Site "Moscow"]
[Date "2019.05.18"]
[Round "1.2"]
[White "Aronian, Levon"]
[Black "Nepomniachtchi, Ian"]
[Result "1/2-1/2"]
[WhiteElo "2762"]
[BlackElo "2773"]
[Annotator "TA"]
[PlyCount "71"]
[EventDate "2019.05.17"]
[EventType "k.o."]
[EventCountry "RUS"]
[SourceTitle "playchess.com"]
[Source "ChessBase"]
[SourceQuality "1"]

{[%evp 10,71,18,13,9,10,14,9,43,50,49,20,36,41,11,20,10,10,0,8,13,-8,-4,0,-8,-8,-8,-8,-5,-2,-8,-4,-8,-50,-41,-64,-50,-42,-40,-41,-36,-43,-44,-42,-41,-44,-41,-41,-43,-47,-45,-50,-45,-47,-40,-30,-30,-30,-35,-32,-27,-27,-31,-54]} 1. c4 e5 2. g3 Nf6 3. Bg2 d5 4. cxd5 Nxd5 5. Nc3 Nb6 6. e3 Nc6 {A22: English Opening: 1...e5 2 Nc3 Nf6} 7. Nge2 Qd3 8. f4 Bb4 $146 {The position is equal.} ({Predecessor:} 8... f6 9. Be4 Qa6 10. fxe5 fxe5 11. Ng1 Nd7 12. Nd5 Bd6 13. Qh5+ Kd8 14. Nf3 {1-0 (85) Mamedyarov,S (2748)-Ganguly,S (2648) Doha 2015}) 9. fxe5 Nxe5 10. Nf4 Qa6 11. Qc2 O-O 12. d4 Ng4 13. Nd3 Bxc3+ $1 14. Qxc3 Na4 15. Qb3 $132 {[%mdl 2048] White is fighting back} c5 $1 16. dxc5 Bf5 17. Nb4 $1 {[%cal Rb4a6]} Qa5 18. O-O Nxc5 19. Qc4 $1 Ne5 20. Qd4 Bd3 21. Rd1 {[#] aiming for Bd2.} Be2 22. Qxe5 Rae8 23. Qf5 {And now Rd4 would win.} Qxb4 24. Bd2 Qb6 25. Rdc1 Nd3 26. Rc2 Rxe3 27. Qa5 Qxa5 28. Bxa5 b6 29. Bd2 Re7 30. a4 h6 31. a5 bxa5 32. Bxa5 Rb8 33. Bc3 Bh5 34. Bf1 Bg6 35. Rd2 Nc5 {Threatens to win with ...Nb3.} 36. Rdd1 {Accuracy: White = 78%, Black = 84%.} 1/2-1/2

[Event "Grand Prix Moscow 2019"]
[Site "Moscow"]
[Date "2019.05.18"]
[Round "1.2"]
[White "Nakamura, Hikaru"]
[Black "Radjabov, Teimour"]
[Result "1/2-1/2"]
[WhiteElo "2761"]
[BlackElo "2759"]
[Annotator "TA"]
[PlyCount "27"]
[EventDate "2019.05.17"]
[EventType "k.o."]
[EventCountry "RUS"]
[SourceTitle "playchess.com"]
[Source "ChessBase"]
[SourceQuality "1"]

{[%evp 18,27,21,6,15,11,34,29,26,27,29,1]} 1. d4 Nf6 2. c4 e6 3. Nf3 d5 4. Nc3 {[%cal Bb1c3,Bc3d1,Bd1e3][%mdl 32]} Be7 5. g3 O-O 6. Bg2 dxc4 7. Ne5 c5 8. dxc5 Qxd1+ 9. Nxd1 Bxc5 10. O-O Nd5 {E06: Closed Catalan: Early deviations} (10... Nc6 11. Bxc6 bxc6 12. Be3 Bb6 13. Bxb6 axb6 14. Nc3 Bd7 15. Rfd1 Rfd8 16. Nxc4 b5 17. Ne5 Be8 18. Rxd8 Rxd8 {1-0 (64) Giri,A (2797)-Jakovenko,D (2719) Shenzhen 2019}) 11. Ne3 Nc6 12. N3xc4 Nxe5 13. Nxe5 Bd4 $146 ({Predecessor:} 13... f6 14. Nd3 Bd6 15. Rd1 {1-0 (45) Cabrera Moreno,D (2170)-Ainsa Claver,I (1950) Aragon 2007}) 14. Nd3 1/2-1/2

[Event "Grand Prix Moscow 2019"]
[Site "Moscow"]
[Date "2019.05.17"]
[Round "1.2"]
[White "Radjabov, Teimour"]
[Black "Nakamura, Hikaru"]
[Result "1/2-1/2"]
[WhiteElo "2759"]
[BlackElo "2761"]
[Annotator "TA"]
[PlyCount "35"]
[EventDate "2019.05.17"]
[EventType "k.o."]
[EventCountry "RUS"]
[SourceTitle "playchess.com"]
[Source "ChessBase"]
[SourceQuality "1"]

{[%evp 13,23,31,10,28,6,12,5,6,10,4,6,-2]} 1. Nf3 Nf6 2. g3 d5 3. Bg2 e6 4. c4 Be7 5. O-O O-O 6. d4 dxc4 7. Qc2 b5 8. a4 {E05: Open Catalan: 5 Nf3 Be7} b4 9. Nbd2 {The position is equal.} (9. Nfd2 c6 10. Nxc4 Qxd4 11. Rd1 Qc5 12. b3 Ba6 13. Nbd2 Nbd7 14. Bb2 Rad8 15. e3 Qh5 {0-1 (38) Maghsoodloo,P (2688)-Nakamura,H (2746) St Petersburg 2018}) 9... Bb7 10. Nxc4 c5 11. dxc5 Be4 12. Qd1 {Predecessor:} Na6 $146 13. Nd6 Bd5 14. Be3 Nd7 15. Rc1 Naxc5 16. Rxc5 Bxd6 17. Rxd5 exd5 18. Qxd5 {0-1 (62) Korpa,B (2497)-Aravindh,C (2593) Biel 2017} 1/2-1/2

[Event "Grand Prix Moscow 2019"]
[Site "Moscow"]
[Date "2019.05.18"]
[Round "1.2"]
[White "So, Wesley"]
[Black "Duda, Jan-Krzysztof"]
[Result "1-0"]
[WhiteElo "2754"]
[BlackElo "2728"]
[Annotator "TA"]
[PlyCount "93"]
[EventDate "2019.05.17"]
[EventType "k.o."]
[EventCountry "RUS"]
[SourceTitle "playchess.com"]
[Source "ChessBase"]
[SourceQuality "1"]

{[%evp 27,109,77,85,79,76,87,79,68,85,77,85,64,91,89,97,90,102,92,96,97,80,85,86,80,61,74,68,78,77,80,68,70,132,143,266,263,267,266,272,288,327,325,329,307,485,117,482,456,527,520,501,539,595,566,525,404,686,674,613,650,975,975,981,948,827,614,5887,4914,29963,29966,29964,5085,2458,1863,29967,29967,29962,29961,8968,4631,29981,29979,29989,29988]} 1. e4 c5 2. Nf3 d6 3. d4 cxd4 4. Nxd4 Nf6 5. Nc3 g6 6. Be3 Bg7 7. f3 O-O 8. Qd2 Nc6 9. Bc4 Bd7 10. O-O-O Ne5 ({Predecessor:} 10... Rc8 11. Bb3 {½-½ (108) Alboredo,J (2158)-Coppola,C (2223) Foz do Iguacu 2018}) 11. Bb3 Rc8 12. Kb1 Nc4 13. Bxc4 Rxc4 14. g4 b5 15. b3 $146 {B78: Sicilian Dragon: Yugoslav Attack, 9 Bc4 Bd7 10 0-0-0 Rc8} (15. Ncxb5 Qb8 16. Na3 Ra4 17. Nb3 Bxg4 18. fxg4 Rxa3 19. bxa3 Nxe4 20. Qd3 Nc3+ 21. Kc1 Rc8 22. Rdf1 d5 {1-0 (40) Forcen Esteban,D (2567)-Baldauf,M (2485) chess.com INT 2019}) 15... b4 16. bxc4 bxc3 17. Qxc3 {White is better.} Qc7 18. g5 Nh5 19. Ka1 Rc8 20. Rb1 {[%cal Bd1b1,Bb1b2,Bb2b7][%mdl 32]} Be6 21. Rb2 Bxc4 22. Rhb1 d5 23. exd5 Nf4 24. Rb7 Qe5 {[#]} 25. R1b4 $1 {And now d6 would win.} Nxd5 26. Rxc4 Rf8 27. Rc5 $1 {Black must now prevent Qd3.} Nxc3 28. Rxe5 Bxe5 29. Nc6 $1 {[%cal Rc6e5]} ({But not} 29. Rxe7 f6 $11) 29... Bg7 (29... Nd5+ $14 30. Nxe5 Nxe3) 30. Bxa7 $16 ({Reject} 30. Nxe7+ $6 Kh8 $11) 30... e5 (30... Nb5+ $16 {keeps fighting.} 31. Kb1 Nxa7 32. Rxa7 (32. Nxe7+ Kh8 $16) 32... e6) 31. Kb2 $18 e4 32. fxe4 Nxe4+ {[#]} 33. Kb3 $1 Re8 34. a4 {[%cal Ba2a4,Ba4a5][%mdl 32]} Re6 35. Nd4 Ra6 (35... Re5 {was necessary.} 36. Rb8+ Bf8) 36. Rb8+ Bf8 37. Bb6 Kg7 38. a5 Bd6 39. Re8 f5 40. gxf6+ Nxf6 41. Rd8 Bxh2 (41... Be7 $142 42. Rb8 Nd7) 42. Ne6+ Kf7 43. Nc5 Rxb6+ 44. axb6 {[%mdl 4096] Endgame KRN-KBN} h5 45. b7 h4 46. Rd2 Bc7 47. Rf2 {Played: Nc5-e4} 1-0

[Event "Grand Prix Moscow 2019"]
[Site "Moscow"]
[Date "2019.05.18"]
[Round "1.2"]
[White "Svidler, Peter"]
[Black "Vitiugov, Nikita"]
[Result "1-0"]
[WhiteElo "2739"]
[BlackElo "2734"]
[Annotator "TA"]
[PlyCount "91"]
[EventDate "2019.05.17"]
[EventType "k.o."]
[EventCountry "RUS"]
[SourceTitle "playchess.com"]
[Source "ChessBase"]
[SourceQuality "1"]

{[%evp 27,91,32,31,22,31,25,23,23,30,18,34,20,23,0,24,27,19,19,25,18,22,25,27,40,36,36,41,37,31,30,130,127,127,121,120,120,125,73,73,0,124,96,138,132,206,218,220,220,213,192,314,319,316,296,300,286,396,391,758,764,817,808,1862,1847,5056,5056]} 1. e4 e5 2. Nf3 Nc6 3. Bb5 a6 4. Ba4 Nf6 5. O-O Nxe4 6. d4 b5 7. Bb3 d5 8. dxe5 Be6 9. Nbd2 {[%cal Bb1d2,Bd2b3,Bb3d4][%mdl 32]} Be7 10. c3 O-O 11. Bc2 f5 12. Nb3 Qd7 13. Nfd4 Nxd4 14. Nxd4 c5 15. Ne2 {C83: Open Ruy Lopez: 9 c3 Be7} (15. Nxe6 Qxe6 16. f3 Ng5 17. a4 Rad8 18. axb5 axb5 19. Ra7 Rd7 20. Rxd7 Qxd7 21. f4 Ne4 22. g4 Kh8 23. gxf5 Qxf5 {1-0 (43) Saric,I (2695)-Anand,V (2773) St Petersburg 2018}) 15... Rad8 16. f3 Ng5 17. Be3 {White has an edge.} d4 18. cxd4 cxd4 $146 ({Predecessor:} 18... Bc4 19. Bb3 Ne6 20. Bxc4 bxc4 21. dxc5 Qd3 22. Bf2 Bxc5 {½-½ (30) Weldon,D (2365)-Schwarz,J (2345) ICCF email 2016}) 19. Nxd4 Bc5 {[#] aiming for ...f4.} 20. Bxg5 Bxd4+ 21. Kh1 Rde8 $1 22. Bb3 Bxb3 23. Qxb3+ Qe6 24. f4 Qxb3 25. axb3 Re6 26. Rfd1 Bxb2 27. Ra2 Bc3 28. Rd6 $36 {[%mdl 2048] White has good play.} Rfe8 (28... Rxd6 $11 {remains equal.} 29. exd6 Re8) 29. Raxa6 $16 Rxd6 30. Rxd6 {[%mdl 4096] Endgame KRB-KRB} h6 {[#]} 31. Bd8 $1 Kf7 32. Rd7+ (32. h4 $142) 32... Ke6 33. Rd6+ (33. Rd3 $142) 33... Kf7 34. g3 Re6 {intending ...Rxd6.} 35. Rd5 Ra6 (35... b4 $16 {might work better.} 36. Kg2 Rc6) 36. Rxb5 $18 Ra1+ 37. Kg2 Ra2+ 38. Kh3 Bd2 (38... Re2 $142 39. Rb7+ Kg8) 39. Rb7+ Ke8 40. Bb6 {Threatens to win with Bc5.} ({Less strong is} 40. Rxg7 Kxd8 41. Rf7 Be3 $14) 40... g5 41. fxg5 hxg5 42. Bc5 {Black must now prevent e6.} g4+ $2 (42... Ra6 43. Bd6 Rc6 44. Re7+ Kd8) 43. Kh4 {White is clearly winning.} Bc1 44. Kh5 Rxh2+ 45. Kg6 Rc2 46. Bd6 {Accuracy: White = 84%, Black = 43%.} 1-0

[Event "Grand Prix Moscow 2019"]
[Site "Moscow"]
[Date "2019.05.18"]
[Round "1.2"]
[White "Jakovenko, Dmitry"]
[Black "Wei, Yi"]
[Result "0-1"]
[WhiteElo "2708"]
[BlackElo "2736"]
[Annotator "TA"]
[PlyCount "66"]
[EventDate "2019.05.17"]
[EventType "k.o."]
[EventCountry "RUS"]
[SourceTitle "playchess.com"]
[Source "ChessBase"]
[SourceQuality "1"]

{[%evp 13,66,16,16,13,22,23,28,33,29,19,52,27,36,22,33,36,91,77,116,88,96,110,103,100,164,161,184,111,121,115,114,27,27,18,18,28,23,20,41,0,0,-27,-35,-52,-42,-39,-37,-48,-60,-160,-57,-231,-232,-615,-547]} 1. e4 e5 2. Nf3 Nc6 3. Bb5 a6 4. Ba4 Nf6 5. d3 Bc5 6. c3 b5 7. Bb3 d6 8. Bg5 {C77: Ruy Lopez: 3...a6 4 Ba4 Nf6, unusual lines} h6 9. Bh4 Bd7 $146 ({Predecessor:} 9... O-O 10. Nbd2 Be6 11. O-O Bb6 12. Re1 Bxb3 13. Nxb3 Nb8 14. d4 Nbd7 15. a4 Re8 {½-½ (67) Carlsen,M (2842)-Mamedyarov,S (2801) Biel 2018}) 10. O-O {White has an edge.} Bb6 11. a4 Rb8 12. axb5 axb5 13. Na3 g5 14. Bg3 Ne7 ({Black should play} 14... Na5 $14) 15. d4 $1 $16 {[%cal Rd4e5]} exd4 16. e5 ({But not} 16. Nxd4 Bxd4 17. Qxd4 Nc6 $14) 16... dxe5 17. Nxe5 O-O 18. cxd4 Nf5 {[#]} (18... Rc8 $16) 19. Nc2 $1 $18 Kg7 20. Qf3 (20. Qd3 $18) 20... Nxd4 21. Nxd4 Bxd4 22. Rad1 (22. h4 $16) 22... c5 $1 $11 23. Nxd7 Qxd7 24. Bxb8 Rxb8 25. Bc2 Qd5 26. Qg3 Re8 27. b3 Nh5 28. Qg4 Nf4 $36 {[%mdl 2048] White is under pressure.} 29. h4 Re2 30. hxg5 hxg5 31. Bd3 {[#]} (31. Bf5 $1 $15 Re5 32. Bd7 (32. Qxg5+ Ng6 $17)) 31... Rb2 (31... Re6 $1 $17 32. Bxb5 Rh6) 32. Bxb5 $2 (32. Bf5 $15 Kf6 33. Bh7) 32... Rxb3 $19 33. Ba6 $2 (33. Bc4 Qxc4 34. Qxg5+ Ng6 35. Rc1) 33... Kg6 {Accuracy: White = 43%, Black = 51%.} 0-1

[Event "Grand Prix Moscow 2019"]
[Site "Moscow"]
[Date "2019.05.18"]
[Round "1.2"]
[White "Dubov, Daniil"]
[Black "Giri, Anish"]
[Result "1-0"]
[WhiteElo "2690"]
[BlackElo "2787"]
[Annotator "TA"]
[PlyCount "72"]
[EventDate "2019.05.17"]
[EventType "k.o."]
[EventCountry "RUS"]
[SourceTitle "playchess.com"]
[Source "ChessBase"]
[SourceQuality "1"]

{[%evp 14,72,1,6,8,6,12,1,4,10,11,15,61,48,52,41,122,101,39,47,115,131,81,9,14,-25,44,17,16,0,16,14,293,299,285,284,327,340,483,467,452,434,474,468,466,422,735,710,831,770,960,952,979,901,887,843,2137,2112,29992,29993,29997]} 1. d4 Nf6 2. c4 e6 3. Nf3 d5 4. Bg5 dxc4 5. e4 b5 6. a4 c6 7. Nc3 b4 8. Nb1 Ba6 {D44: Semi-Slav: Botvinnik System} 9. e5 h6 10. Bxf6 gxf6 {The position is equal.} 11. exf6 c5 $146 ({Predecessor:} 11... Qxf6 12. Nbd2 c3 13. bxc3 bxc3 14. Ne4 Qf4 15. Bd3 Bb4 16. O-O {1-0 (49) Riazantsev,A (2649)-Hovhannisyan,R (2637) St Petersburg 2018}) 12. Nbd2 c3 13. bxc3 bxc3 14. Ne4 cxd4 (14... Bxf1 $14 15. Kxf1 Nd7) 15. Bb5+ $1 $16 Bxb5 16. axb5 Qd5 ({Black should try} 16... d3 $14) 17. Qxd4 {[%mdl 64] Double Attack} Qxb5 18. Nxc3 (18. Qxc3 $6 Nc6 $11) (18. Ne5 $1 $16 {Nd6+ is the strong threat.} Qb4 19. Ra4 Qxd4 20. Rxd4) 18... Bb4 $11 {And now ...Nc6 would win.} 19. O-O-O {[%csl Gd1][%cal Rd4d8]} Qa5 ({Black should play} 19... Qb6 $1 $11 20. Qxb6 axb6) 20. Nb5 (20. Rd3 $5 {[%cal Rh1d1]} Bxc3 21. Rxc3 $11) 20... Na6 $1 21. Qd7+ Kf8 {White must now prevent ...Qa1+.} 22. Kb1 $40 {[%mdl 128] White mounts an attack.} Ba3 $2 {[%mdl 8192]} (22... Bc5 $11 {and Black stays safe.} 23. Rd2 (23. Ne5 Qb4+ 24. Kc1 Qf4+ {[%mdl 64] Double Attack} 25. Qd2 Qxd2+ 26. Rxd2 Kg8 $16) 23... Rb8) 23. Rd3 $1 $18 {[%cal Rd3a3]} ({Worse is} 23. Nxa3 Rb8+ 24. Kc1 (24. Ka2 $2 Nb4+ 25. Kb2 Nd5+ 26. Kc1 Qxa3+ 27. Kd2 Qa5+ 28. Ke2 Nf4+ 29. Ke3 Rb3+ 30. Rd3 Nxg2+ 31. Ke2 Nf4+ {[%mdl 64] Double Attack} 32. Ke3 Rxd3+ $19) 24... Qxa3+ 25. Kd2 Kg8 $11) 23... Qb4+ {[#]} 24. Kc2 $1 {[%mdl 512] Intending Qd8+! and mate.} Qa4+ {[#]} 25. Kd2 $1 {[%mdl 512]} Bb4+ (25... Qf4+ {was called for.} 26. Ke2 Qxf6) 26. Ke2 $1 {Threatening mate with Qd8+!} Kg8 {Strongly threatening ...Nc5.} 27. Ne5 {[%csl Ge5][%cal Rd7f7]} Qc2+ 28. Kf3 {[%csl Ge5][%cal Rd7f7]} Rf8 {intending ...h5.} 29. Rhd1 h5 {[#]} ({Much weaker is} 29... Nc5 30. Qd4 $1 {[%mdl 512]}) (29... Qb2 $142) 30. Qd4 $1 Rh7 31. Qf4 Bc5 32. Nd4 {[%cal Bb5d4,Bd4c6,Bc6e7][%mdl 32]} Qa2 33. R1d2 Qd5+ 34. Ke2 Bb4 {[#]} 35. Ndc6 $1 {[%mdl 576] White threatens Rg3+ and mate. Double Attack, Discovered Attack} Qc5 36. Ne7+ Kh8 {Accuracy: White = 81%, Black = 40%.} 1-0

[Event "Grand Prix Moscow 2019"]
[Site "Moscow"]
[Date "2019.05.19"]
[Round "1.3"]
[White "Nakamura, Hikaru"]
[Black "Radjabov, Teimour"]
[Result "1-0"]
[WhiteElo "2761"]
[BlackElo "2759"]
[Annotator "TA"]
[PlyCount "81"]
[EventDate "2019.05.17"]
[EventType "k.o."]
[EventCountry "RUS"]
[SourceTitle "playchess.com"]
[Source "ChessBase"]
[SourceQuality "1"]

{[%evp 11,81,5,20,14,17,17,14,13,14,15,28,5,12,10,8,7,10,-14,-8,-16,0,1,-5,-16,-17,-14,-5,-5,0,0,-3,-34,-9,-20,0,0,7,-15,0,0,0,0,0,-11,0,0,0,0,0,0,10,19,54,41,32,40,68,47,87,15,892,749,2809,2609,29979,29980,29980,29981,29992,29993,29994,29995]} 1. d4 Nf6 2. c4 e6 3. Nf3 d5 4. Nc3 Be7 5. Bg5 h6 6. Bh4 dxc4 7. e3 {D53: Queen's Gambit Declined: 4 Bg5 Be7: Early deviations} c5 8. Bxc4 cxd4 9. Nxd4 {The position is equal.} (9. exd4 Nc6 10. O-O O-O 11. Re1 Nh5 12. Bxe7 Nxe7 13. Qb3 Nf6 14. Rad1 Rb8 15. Ne5 Bd7 16. d5 b5 17. Nxd7 Nxd7 18. dxe6 bxc4 19. Qxc4 Rb7 20. Qe4 {1-0 (20) Korobov,A (2698)-Anand,V (2773) St Petersburg 2018}) 9... O-O 10. O-O Bd7 11. Qe2 Nc6 12. Rfd1 Qb6 13. Nf3 {[#] Strongly threatening Bxf6.} Rfd8 14. e4 Be8 15. e5 {[#]} Nd7 $146 ({Predecessor:} 15... Nh7 16. Bxe7 Nxe7 {1-0 (69) Shabalov,A (2592)-Kaidanov,G (2640) Chicago 2003}) 16. Bxe7 Nxe7 17. Rd6 Qa5 18. Rad1 Nf5 19. R6d2 Nf8 20. Bd3 Bc6 21. Be4 Rxd2 22. Rxd2 Rc8 23. h4 a6 24. h5 b5 25. a3 Bxe4 26. Qxe4 Qb6 27. Kh2 Qa7 28. Qd3 Rc7 29. Ne4 Rd7 30. Nd6 Qb6 31. g4 Nxd6 32. exd6 f6 33. Nh4 Kf7 34. f4 $36 {[%mdl 2048] Black is under pressure.} Ke8 35. f5 (35. b4 $16) 35... e5 $2 {[%mdl 8192] [#]} (35... Qc5 $11) 36. Qd5 $1 $18 Qe3 37. Ng6 Nxg6 38. hxg6 {[%cal Rd5g8] White mates.} Qf4+ 39. Kh3 {[%cal Rd5g8]} Qf1+ 40. Kh4 {[%cal Rd5g8]} Qe1+ 41. Kh5 {Accuracy: White = 61%, Black = 45%.} 1-0